00314nam a2200121Ia 4500008004100000041000800041082001500049100002100064245003100085260003400116300003300150365000900183240624s9999 xx 000 0 und d aeng a364.16 SAM aSAMUEL C MCQUADE aENCYCLOPEDIA OF CYBERCRIME c2009aLondonbGreenwood Press axxiii, : 210 : p. : cm. ; 26 cb28